000 00686nam a22002057a 4500
999 _c3649
_d3649
003 AR-CdUCM
008 190307b ||||| |||| 00| 0 spa d
040 _aMUNICIPALIDAD PROVINCIAL DEL CUSCO
_cBIBLIOTECA MUNICIPAL DEL CUSCO
082 _a868.6 /
_bM26
100 _aRecuerdo, José Martín
_911884
245 _a¿Quien quiere una copla del Arcipreste de Hita? /
260 _aMadrid :
_bEditora Nacional,
_c1965.
300 _a125 páginas ;
_c18 cm.
505 _aContenido: Retrato de Juan Ruiz -- Reparto -- Primera parte -- Segunda parte.
650 _aTeatro español
_9648
650 _aDrama
_9560
650 _aImaginarios
_911885
942 _2ddc
_cLIBROS
945 _adavv